| 000 | 00595nam a2200181Ia 4500 | ||
|---|---|---|---|
| 008 | 090630s9999 xx 000 0 und d | ||
| 082 | _b24136 | ||
| 100 | _aॅफाटक अनुराधा. | ||
| 245 |
_aबंधमुक्त. _cॅफाटक अनुराधा. |
||
| 260 | _bसानिया - विरार. | ||
| 300 | _a0 | ||
| 600 | _aॅफाटक अनुराधा. | ||
| 630 | _aबंधमुक्त. | ||
| 655 | _aकादंबरी. | ||
| 700 | _aॅफाटक अनुराधा. | ||
| 730 | _aबंधमुक्त. | ||
| 942 | _cBOOK | ||
| 999 |
_c275992 _d275992 |
||